| 000 | 00790nam a2200229 a 4500 | ||
|---|---|---|---|
| 001 | BRCA_5018 | ||
| 005 | 20190320204914.0 | ||
| 008 | 291010s1942----ag-a######---#000-0#spa-# | ||
| 041 | _aspa | ||
| 044 | _aag | ||
| 050 | 4 |
_aND813.G6 _b.E88 1942 |
|
| 100 | 1 |
_aEstarico, Leonardo _912796 |
|
| 245 | 1 | 0 |
_aFrancisco de Goya _bel hombre y el artista _cLeonardo Estarico. |
| 260 |
_aBuenos Aires _bEl Ateneo _c1942 |
||
| 300 |
_a552 p. _bil., 321 láminas _c25 cm. |
||
| 500 | _aIncluye índice de ilustraciones en colores, índice de reproducciones facsimilares, ilustraciones en el texto e índice de ilustraciones en general | ||
| 500 | _aD117 | ||
| 600 | 1 | 4 |
_aGoya y Lucientes, Francisco José de _d1746-1828 _911075 |
| 650 | 1 | 4 |
_aPintores españoles _97620 |
| 902 | _aGFM | ||
| 942 |
_2lcc _cB |
||
| 999 |
_c4712 _d4712 |
||